| 000 | 00534ntaaa2200193 4500 | ||
|---|---|---|---|
| 003 | 01 | ||
| 005 | 20251027202424.0 | ||
| 008 | 0714s1973 ag 01 | ||
| 040 |
_aAR-BaBN _bspa _cAR-BaBN _eaacr _dRIC |
||
| 082 | _a289.9000 C14t | ||
| 100 |
_aCameron, Donald _923083 |
||
| 245 | _aLos testigos de Jehová a la luz de las escrituras | ||
| 250 | _a1 ed. | ||
| 260 |
_aBuenos Aires : _bAsociación Casa Editora Sudamericana, _c1974 |
||
| 300 | _a36 p | ||
| 500 | _aRefutación adventista al tema | ||
| 650 | _aadventistas | ||
| 942 | _cBK | ||
| 999 |
_c19164 _d19164 |
||